00349 2200145 4500001002100000005001500021035002000036245005000056100001700106300001200123260003400135082000800169084001400177990001200191INLIS00000000000206720250527094419 a0010-05250003591 aPerempuan di Rantai Kekerasan /cDewi Lestari0 aDewi Lestari a255 hlm aJakarta :bEsensi,c2007/2008 a300 a300 DEW p a0713114